Capitals of the Soviet Union - Statistics

General Stats
  • This quiz has been taken 13 times
  • The average score is 10 of 15
Answer Stats
Republic Capital % Correct
Azerbaijan Baku
100%
Russia Moscow
100%
Ukraine Kyiv
88%
Byelorussia Minsk
88%
Latvia Riga
88%
Estonia Tallinn
88%
Lithuania Vilnius
88%
Armenia Yerevan
88%
Uzbekistan Tashkent
75%
Georgia Tbilisi
75%
Tajikistan Dushanbe
63%
Kazakhstan Alma-Ata
25%
Moldova Kishinev
25%
Turkmenistan Ashkhabad
0%
Kirghizstan Frunze
0%
No matching quizzes found
Score Distribution
Percent of People with Each Score
Percentile by Number Answered
Your Score History
You have not taken this quiz